• 首页
  • 本馆介绍
  • 公告通知
  • 最新文献
  • 馆藏检索
  • 电子资源
  • 读者导购
  • 参考咨询
  • 我的图书馆
  • 登录
  • 详细信息显示
  • 放入我的书架
  • 预约/预借图书
  • 作者相关作品
  • 分类相关作品
  • 丛书相关作品
  • 出版社相关作品

书目信息

  • 表格格式
  • 工作单格式
  • 卡片格式
题名:
正电子湮没技术
    
 
作者: 豪托贾维 主编 ;何元金 , 郁伟中 译
分册:  
出版信息: 北京   科学出版社  1983.10
页数: 335页
开本: 20cm
丛书名:
单 册:
中图分类: O46
科图分类:
主题词: 真空电子学 , 电子物理学
电子资源:
ISBN:
000 00661nam0 2200229 45
001 0312221749
005 20031222171125.1
010    @dCNY1.70
100    @a20031222d1983 km y0chiy0120 ea
101    @achi
105    @a z 000yy
200 1  @a正电子湮没技术@AZheng Dian Zi Yan Mei Ji Shu@f(芬兰)豪托贾维主编@F(Fen Lan)Hao Tuo Jia Wei Zhu Bian@g何元金,郁伟中译
210    @a北京@c科学出版社@d1983.10
215    @a335页@d20cm
606 0  @a真空电子学
606 0  @a电子物理学
690    @aO46@v3
701 0  @a豪托贾维@4主编
702 0  @a何元金@4译
702 0  @a郁伟中@4译
801    @aCN@bTSTCL@c20031222
905    @a213230@dO46@e4@b16317-318@f2@b98369@f1
    
    正电子湮没技术/(芬兰)豪托贾维主编/何元金,郁伟中译.-北京:科学出版社,1983.10
    335页;20cm
    
    
    ISBN :CNY1.70
    
●
相关链接 在E读中查询图书 在五车中查询图书 在当当中查询图书 在豆瓣中查询图书


正题名:正电子湮没技术     索取号:O46/4         预约/预借

序号 登录号 条形码 馆藏地/架位号 状态 备注
1 0098369   001454465   第三借阅区/ [索取号:O46/4] 在馆    
2 0098370   202098666   第二样本阅览室/ [索取号:O46/4] 在馆    
唐山师范学院图书馆 欢迎您!
大连网信软件有限公司© 版权所有